| 000 | 00546nam a2200205Ia 4500 | ||
|---|---|---|---|
| 003 | GCL | ||
| 008 | 140319s9999 xx 000 0 eng d | ||
| 020 | _a0710514700 | ||
| 040 |
_aGCL / _cGCL |
||
| 082 | 0 | 4 |
_aCH _b372.52 _bW S |
| 100 | 1 | _aWILLIAMS, RONALD | |
| 245 | 1 | 0 |
_aSPIDER - MAN : _bCOULRING & ACTIVITY BOOK / _cWILLIAMS, RONALD |
| 700 | 1 | _aWILLIAMS, DONALD | |
| 260 |
_aنيويورك : _bPARADISE PRESS, INC . ، _c2004 |
||
| 300 | _a26 CM | ||
| 650 | 0 | 4 | _aCHILDREN |
| 650 | 0 | 4 | _aCHILDREN - BOOKS |
| 650 | 0 | 4 | _aDRAW |
| 942 |
_2ddc _cBK |
||
| 999 |
_c9315 _d9315 |
||